| 000 | 00643nam a22002051 4500 | ||
|---|---|---|---|
| 001 | sa 68016689 | ||
| 003 | DLC | ||
| 005 | 20260227112656.0 | ||
| 008 | 710414s1967 io 00010 eng | ||
| 010 | _asa 68016689 | ||
| 025 | _aPL480:Indo-7155 | ||
| 043 | _aa-io--- | ||
| 050 | 0 |
_aUA853.I5 _bA512 |
|
| 110 | 1 | 0 |
_aIndonesia. _bAngkatan Darat. |
| 245 | 1 | _aThe truth of civic mission, as carried out by Indonesia's Armed Forces is no militarism. | |
| 260 | 1 |
_a[Djakarta] _bDept. of Information, Republic of Indonesia _c[1967] |
|
| 300 |
_a62 l. _c33 cm. |
||
| 500 | _aCover title. | ||
| 651 | 0 |
_aIndonesia _xArmed Forces _xPolitical activity. |
|
| 999 |
_c87250 _d87250 |
||